| 000 | 00000nas 2200000za 4500 |
| 001 | 9.850983 |
| 003 | CaOODSP |
| 005 | 20221107154303 |
| 007 | cr ||||||||||| |
| 008 | 180130d19601969oncar p oss f0###b0fre|d |
| 040 | |aCaOODSP|bfre |
| 041 | |aeng|afre |
| 043 | |an-cn--- |
| 086 | 1 |aCS34-202-PDF |
| 245 | 00|aCanvas products industry |h[ressource électronique]. |
| 246 | 13|aIndustrie de la grosse toile|f1967-1969 |
| 260 | |aOttawa : |bDominion Bureau of Statistics, Industry and Merchandising Division, |c1962-1971. |
| 310 | |aAnnuel |
| 362 | 1 |aParaît depuis 1960 ; ne paraît plus après 1969. |
| 490 | 0 |aRecensement annuel des manufactures |
| 500 | |aTitre de la couv. |
| 500 | |aÉdition numérisée de l'imprimé [par Statistique Canada]. |
| 546 | |aTexte en anglais seulement, 1960-1966; texte en anglais et en français, 1967-1969. |
| 550 | |aPubl. 1961-1964 par la Division de l'industrie; 1965-1969 par la Division des industries manufacturières et primaires. |
| 580 | |aFusionné avec: Industrie des sacs de coton et de jute et devient : Industrie des articles en grosse toile et des sacs de coton et de jute. |
| 692 | 07|2gccst|aIndustrie du vétement |
| 710 | 1 |aCanada. |bBureau fédéral de la statistique. |bDivision de l'industrie. |
| 710 | 1 |aCanada. |bBureau fédéral de la statistique. |bDivision des industries manufacturières et primaires. |
| 785 | 00|tCanvas products and cotton and jute bags industries |w(CaOODSP)9.850987 |
| 791 | |tCanvas products industry |eeng|w(CaOODSP)9.850974 |